Sản xuất và sử dụng cỏ ngọt (Stevia rebaudiana Bertoni)

Guardat en:
Dades bibliogràfiques
Autor principal: Trần Đình Long
Format: Llibre
Idioma:Undetermined
Publicat: Hà Nội Nông Nghiệp 1996
Matèries:
Etiquetes: Afegir etiqueta
Sense etiquetes, Sigues el primer a etiquetar aquest registre!
Thư viện lưu trữ: Trung tâm Học liệu Trường Đại học Cần Thơ
LEADER 00555nam a2200169Ia 4500
001 CTU_28055
008 210402s9999 xx 000 0 und d
082 |a 633.7 
082 |b L431 
100 |a Trần Đình Long 
245 0 |a Sản xuất và sử dụng cỏ ngọt (Stevia rebaudiana Bertoni) 
245 0 |c Trần Đình Long, A. G. Liakhovkin, Mai Thị Phương Anh 
260 |a Hà Nội 
260 |b Nông Nghiệp 
260 |c 1996 
650 |a stevia rebaudiana 
980 |a Trung tâm Học liệu Trường Đại học Cần Thơ